SOIL HEALTH MANAGEMENT IN PLANTAION CROPS (Record no. 12556)

MARC details
000 -LEADER
fixed length control field 00421nam a22001697a 4500
003 - CONTROL NUMBER IDENTIFIER
control field OSt
005 - DATE AND TIME OF LATEST TRANSACTION
control field 20211013162412.0
008 - FIXED-LENGTH DATA ELEMENTS--GENERAL INFORMATION
fixed length control field 211013b |||||||| |||| 00| 0 eng d
020 ## - INTERNATIONAL STANDARD BOOK NUMBER
International Standard Book Number 8170195566
040 ## - CATALOGING SOURCE
Transcribing agency HAWASSA UNIVERSITY
050 ## - LIBRARY OF CONGRESS CALL NUMBER
Classification number 631.4/SOI
Item number 5
082 ## - DEWEY DECIMAL CLASSIFICATION NUMBER
Classification number 631.4/SOI
Item number 5
245 ## - TITLE STATEMENT
Title SOIL HEALTH MANAGEMENT IN PLANTAION CROPS
260 ## - PUBLICATION, DISTRIBUTION, ETC.
Place of publication, distribution, etc. ANSARI
Name of publisher, distributor, etc. NEW DELHI
Date of publication, distribution, etc. 2017
300 ## - PHYSICAL DESCRIPTION
Extent 215
942 ## - ADDED ENTRY ELEMENTS (KOHA)
Source of classification or shelving scheme Dewey Decimal Classification
Koha item type Books like text book referance book
Suppress in OPAC No
Holdings
Withdrawn status Lost status Source of classification or shelving scheme Damaged status Not for loan Home library Current library Date acquired Total Checkouts Full call number Barcode Date last seen Copy number Price effective from Koha item type
    Dewey Decimal Classification     College of Agriculture Library College of Agriculture Library 10/13/2021   631.4/SOI ALIB0012783 10/13/2021 1 10/13/2021 Books like text book referance book
    Dewey Decimal Classification     College of Agriculture Library College of Agriculture Library 10/13/2021   631.4/SOI ALIB0012784 10/13/2021 2 10/13/2021 Books like text book referance book
    Dewey Decimal Classification     College of Agriculture Library College of Agriculture Library 10/13/2021   631.4/SOI ALIB0012785 10/13/2021 3 10/13/2021 Books like text book referance book
    Dewey Decimal Classification     College of Agriculture Library College of Agriculture Library 10/13/2021   631.4/SOI ALIB0012786 10/13/2021 4 10/13/2021 Books like text book referance book
    Dewey Decimal Classification     College of Agriculture Library College of Agriculture Library 10/13/2021   631.4/SOI ALIB0012787 10/13/2021 5 10/13/2021 Books like text book referance book